Building in China (Record no. 112935)

MARC details
000 -LEADER
fixed length control field 00879cad a22001935a 4500
001 - CONTROL NUMBER
control field L154324
008 - FIXED-LENGTH DATA ELEMENTS--GENERAL INFORMATION
fixed length control field 111114s2011 xxkqr p 0 a0eng u
035 ## - SYSTEM CONTROL NUMBER
System control number (Sirsi) u154324
041 0# - LANGUAGE CODE
Language code of text/sound track or separate title eng
110 2# - MAIN ENTRY--CORPORATE NAME
Corporate name or jurisdiction name as entry element Vinson and Elkins LLP
245 00 - TITLE STATEMENT
Title Building in China
Remainder of title some legal considerations
Medium [electronic resource]
260 ## - PUBLICATION, DISTRIBUTION, ETC.
Place of publication, distribution, etc. [S.l.]
Name of publisher, distributor, etc. Vinson and Elkins LLP
Date of publication, distribution, etc. 2011
520 ## - SUMMARY, ETC.
Summary, etc. China's construction-related output is valued at US$1.4 trillion, equivalent to approximately 24 percent of China's GDP, this article looks at the legal barriers to foreign construction companies.
590 ## - LOCAL NOTE (RLIN)
Local note KA NTK
651 #4 - SUBJECT ADDED ENTRY--GEOGRAPHIC NAME
Geographic name China
690 ## - LOCAL SUBJECT ADDED ENTRY--TOPICAL TERM (OCLC, RLIN)
Topical term or geographic name as entry element BUILT ENVIRONMENT-CONSTRUCTION MARKET
856 40 - ELECTRONIC LOCATION AND ACCESS
Uniform Resource Identifier <a href="https://www.mondaq.com/x/151074/Market+Commentaries/Building+In+China+Some+Legal+Considerations&email_access=on">https://www.mondaq.com/x/151074/Market+Commentaries/Building+In+China+Some+Legal+Considerations&email_access=on</a>
Public note Register and view the article free of charge at www.mondaq.com
942 ## - ADDED ENTRY ELEMENTS (KOHA)
Suppress in OPAC 0
Holdings
Withdrawn status Lost status Source of classification or shelving scheme Damaged status Not for loan Home library Current library Shelving location Date acquired Total Checkouts Full call number Barcode Date last seen Copy number Price effective from Koha item type
    Dewey Decimal Classification     Virtual Virtual Online 14/11/2011   ONLINE PUBLICATION 154324-2001 06/08/2019 1 06/08/2019 Book